000
00281nam a22001097a 4500
082
_a
621.47 KHA'S
100
_a
KHAN, NASIM AKHTAR
_9
78176
245
_a
SOLAR ENERGY,A GUIDE AND DATA BOOK FOR PAKISTAN
260
_a
RAWALPINDI
_b
COLLEGE OF EME
_c
1986
300
_a
135P
942
_c
BK
999
_c
583338
_d
583338